<?xml version="1.0" encoding="UTF-8"?>
<record
    xmlns:xsi="http://www.w3.org/2001/XMLSchema-instance"
    xsi:schemaLocation="http://www.loc.gov/MARC21/slim http://www.loc.gov/standards/marcxml/schema/MARC21slim.xsd"
    xmlns="http://www.loc.gov/MARC21/slim">

  <leader>02964nmm a22003497a 4500</leader>
  <controlfield tag="001">046816</controlfield>
  <controlfield tag="003">UAHC_CL</controlfield>
  <controlfield tag="005">20260505130812.0</controlfield>
  <controlfield tag="007">ta</controlfield>
  <controlfield tag="008">260505s2024  cl        o  d000   spspa d</controlfield>
  <datafield tag="040" ind1=" " ind2=" ">
    <subfield code="a">UAHC_CL</subfield>
    <subfield code="c">UAHC_CL</subfield>
    <subfield code="d">UAHC_CL</subfield>
  </datafield>
  <datafield tag="100" ind1=" " ind2=" ">
    <subfield code="a">Salinas Fres, Crist&#xF3;bal</subfield>
    <subfield code="9">23435</subfield>
  </datafield>
  <datafield tag="245" ind1="1" ind2="4">
    <subfield code="a">Las actividades l&#xFA;dicas y los juegos de video en el aprendizaje : </subfield>
    <subfield code="b">perspectivas etarias entre adolescentes y adultos 2024</subfield>
    <subfield code="c">Crist&#xF3;bal I. Salinas Fres ; profesor gu&#xED;a Fabian E. Gonz&#xE1;lez Calder&#xF3;n.</subfield>
  </datafield>
  <datafield tag="264" ind1=" " ind2=" ">
    <subfield code="a">Santiago, Chile :</subfield>
    <subfield code="b">Universidad Academia de Humanismo Cristiano,</subfield>
    <subfield code="c">2024.</subfield>
  </datafield>
  <datafield tag="300" ind1=" " ind2=" ">
    <subfield code="a">54 p&#xE1;ginas.</subfield>
  </datafield>
  <datafield tag="500" ind1=" " ind2=" ">
    <subfield code="a">Tesis para optar al grado de Licenciado en Educaci&#xF3;n y al T&#xED;tulo de Profesor en Educaci&#xF3;n Media de Historia y Ciencias Sociales.</subfield>
  </datafield>
  <datafield tag="502" ind1=" " ind2=" ">
    <subfield code="a">Tesis (Pedagog&#xED;a en Historia) -- Universidad Academia de Humanismo Cristiano, 2024.</subfield>
  </datafield>
  <datafield tag="516" ind1=" " ind2=" ">
    <subfield code="a">Tesis electr&#xF3;nica (PDF). Solicitar env&#xED;o de documento a biblioteca@academia.cl.</subfield>
  </datafield>
  <datafield tag="520" ind1=" " ind2=" ">
    <subfield code="a">En el contexto educativo en el que vivimos, las actividades l&#xFA;dicas y los videojuegos han ido tomando importancia como herramientas pedag&#xF3;gicas, demostrando su utilidad para fomentar el aprendizaje y el desarrollo integral de los estudiantes. Este trabajo tiene por objetivos: 1. Explicar de qu&#xE9; manera es usado un juego como herramienta en el aprendizaje y desarrollo de valores de los estudiantes. 2. Explorar la relaci&#xF3;n entre las actividades l&#xFA;dicas, con el desarrollo de la persona y su entrada en la sociedad. Tambi&#xE9;n se aborda c&#xF3;mo estas din&#xE1;micas pueden adaptarse a la ense&#xF1;anza de la historia, explorando sus beneficios desde una perspectiva tanto cognitiva como social e incluso etaria abarcando contrastes generacionales en establecimientos educacionales para ni&#xF1;os y adolescentes, y los de adultos. Los juegos, al proporcionar un entorno atractivo y motivador, estimulan habilidades como la memoria, el trabajo en equipo, el pensamiento cr&#xED;tico y la colaboraci&#xF3;n. Ejemplos como Mitos y Leyendas y Time Line han mostrado ser efectivos al conectar a los estudiantes con contenidos hist&#xF3;ricos de manera significativa. Informaci&#xF3;n que ser&#xE1; contrastada con las entrevistas a estudiantes y como estos revelan sus observaciones respecto al uso de las actividades l&#xFA;dicas demostrando que deben ser guiadas con cuidado por parte del docente a cargo o podr&#xED;an desvirtuarse, adem&#xE1;s del uso de la tecnolog&#xED;a en el contexto de las actividades l&#xFA;dicas.</subfield>
  </datafield>
  <datafield tag="650" ind1=" " ind2="0">
    <subfield code="a">Ense&#xF1;anza de la historia</subfield>
    <subfield code="9">23436</subfield>
  </datafield>
  <datafield tag="650" ind1=" " ind2="0">
    <subfield code="a">M&#xE9;todos de ense&#xF1;anza</subfield>
    <subfield code="9">2225</subfield>
  </datafield>
  <datafield tag="650" ind1=" " ind2="0">
    <subfield code="a">Tecnolog&#xED;a educacional</subfield>
    <subfield code="9">23437</subfield>
  </datafield>
  <datafield tag="650" ind1=" " ind2="0">
    <subfield code="a">Aprendizaje activo</subfield>
    <subfield code="9">23438</subfield>
  </datafield>
  <datafield tag="650" ind1=" " ind2="0">
    <subfield code="a">Juegos educativos</subfield>
    <subfield code="9">8514</subfield>
  </datafield>
  <datafield tag="650" ind1=" " ind2="0">
    <subfield code="a">Desarrollo cognitivo</subfield>
    <subfield code="9">6550</subfield>
  </datafield>
  <datafield tag="650" ind1=" " ind2="0">
    <subfield code="a">Educaci&#xF3;n de adultos</subfield>
    <subfield code="9">4339</subfield>
  </datafield>
  <datafield tag="650" ind1=" " ind2="0">
    <subfield code="a">Innovaciones educativas</subfield>
    <subfield code="9">907</subfield>
  </datafield>
  <datafield tag="653" ind1=" " ind2=" ">
    <subfield code="a">Educaci&#xF3;n intergeneracional</subfield>
  </datafield>
  <datafield tag="700" ind1=" " ind2=" ">
    <subfield code="a">Gonz&#xE1;lez Calder&#xF3;n, Fabi&#xE1;n</subfield>
    <subfield code="9">6109</subfield>
    <subfield code="e">profesor gu&#xED;a</subfield>
  </datafield>
  <datafield tag="900" ind1=" " ind2=" ">
    <subfield code="a">TPHIS 264</subfield>
  </datafield>
  <datafield tag="942" ind1=" " ind2=" ">
    <subfield code="c">TS</subfield>
    <subfield code="2">ddc</subfield>
  </datafield>
  <datafield tag="999" ind1=" " ind2=" ">
    <subfield code="c">63677</subfield>
    <subfield code="d">63677</subfield>
  </datafield>
  <datafield tag="952" ind1=" " ind2=" ">
    <subfield code="0">0</subfield>
    <subfield code="1">0</subfield>
    <subfield code="4">0</subfield>
    <subfield code="7">0</subfield>
    <subfield code="8">COMP</subfield>
    <subfield code="B">PHIS</subfield>
    <subfield code="a">BC</subfield>
    <subfield code="b">BC</subfield>
    <subfield code="c">Digital</subfield>
    <subfield code="d">2026-05-05</subfield>
    <subfield code="l">0</subfield>
    <subfield code="o">TPHIS 264</subfield>
    <subfield code="r">2026-05-05 13:08:41</subfield>
    <subfield code="w">2026-05-05</subfield>
    <subfield code="y">TS</subfield>
  </datafield>
</record>
